000 00904nam a22002537a 4500
999 _c5644
_d5644
003 AR-CdUCM
008 190313b ||||| |||| 00| 0 spa d
040 _aMUNICIPALIDAD PROVINCIAL DEL CUSCO
_cBIBLIOTECA MUNICIPAL DEL CUSCO
082 _a985.009 /
_bC79
245 _aMariano H. Cornejo; Francisco García Calderón /
_bEzio Parodi Marone; Jorge Guillermo Llosa
260 _aLima :
_bUniversitaria,
_c1966
300 _a103 páginas ;
_c19 cm.
440 _aBiblioteca hombres del Perú
_n : XXXVIII
_916854
440 _aCuarta serie
_916855
500 _aDonación de la familia Nieto.
650 _aBiografías
_9148
650 _aMariano H. Cornejo
_916856
650 _aFrancisco García Calderón
_916857
650 _aHombres del Perú - Biografías
_92160
700 _aParodi Marone, Ezio
_916858
700 _aGuillermo Llosa, Jorge
_916859
942 _2ddc
_cLIBROS
945 _alccs